Teología de San José
Guardat en:
| Autor principal: | |
|---|---|
| Format: | Llibre |
| Idioma: | espanyol |
| Publicat: |
Madrid
Biblioteca de Autores Cristianos
1953
|
| Col·lecció: | Biblioteca de Autores Cristianos
|
| Matèries: | |
| Etiquetes: |
Afegir etiqueta
Sense etiquetes, Sigues el primer a etiquetar aquest registre!
|
MARC
| LEADER | 00000nam a2200000 a 4500 | ||
|---|---|---|---|
| 001 | UCL5158 | ||
| 003 | CL-VaPUC | ||
| 008 | 040305e19530000SP |||||||||||||||||spa|d | ||
| 082 | 0 | 4 | |a 232.932 |b LLA |2 21 |
| 100 | |a Llamera, Bonifacio |e autor |9 482856 | ||
| 245 | 1 | 0 | |a Teología de San José |
| 300 | |a 662 p | ||
| 942 | |c BK | ||
| 945 | |d 20040305 00:00:00 |a vberengu | ||
| 260 | |a Madrid |b Biblioteca de Autores Cristianos |c 1953 | ||
| 600 | 0 | 7 | |a SAN JOSE |2 CL-VaPUC |9 399578 |
| 583 | |a last modification |c 20040305 00:00:00 |k Rodrigo Vera | ||
| 490 | 0 | |a Biblioteca de Autores Cristianos | |
| 999 | |c 307826 |d 307824 | ||
| 952 | |0 0 |1 0 |4 0 |6 232_932000000000000_LLA_1953 |7 0 |8 A |9 373956 |a BIBTEO |b BIBTEO |d 2019-11-21 |i 2104687 |o 232.932 LLA 1953 |p 2104687 |r 2025-01-17 |w 2019-11-21 |y BK |k ICR | ||
| 952 | |0 0 |1 0 |4 0 |6 232_932000000000000_LLA_1953 |7 0 |8 A |9 373957 |a BIBTEO |b BIBTEO |d 2019-11-21 |i 2088568 |o 232.932 LLA 1953 |p 2088568 |r 2025-01-17 |w 2019-11-21 |y BK |k ICR | ||